#Gamergate and The Fappening: How Reddit’s algorithm, governance, and culture support toxic technocultures (Record no. 347487)
[ view plain ]
| 000 -LEADER | |
|---|---|
| fixed length control field | 00437nam a2200133Ia 4500 |
| 008 - FIXED-LENGTH DATA ELEMENTS--GENERAL INFORMATION | |
| fixed length control field | 171207s9999 xx 000 0 und d |
| 100 ## - MAIN ENTRY--PERSONAL NAME | |
| Personal name | Massanari, Andrienne |
| 245 ## - TITLE STATEMENT | |
| Title | #Gamergate and The Fappening: How Reddit’s algorithm, governance, and culture support toxic technocultures |
| 245 ## - TITLE STATEMENT | |
| Statement of responsibility, etc | Adrienne Massanari |
| 260 ## - PUBLICATION, DISTRIBUTION, ETC. (IMPRINT) | |
| Date of publication, distribution, etc | 2017 |
| 300 ## - PHYSICAL DESCRIPTION | |
| Extent | pages 329–346, March 2017 |
| 440 ## - SERIES STATEMENT/ADDED ENTRY--TITLE | |
| Title | New Media & Society |
| Volume number/sequential designation | 19:3 |
| 650 ## - SUBJECT ADDED ENTRY--TOPICAL TERM | |
| Topical term or geographic name as entry element | MEDIA |
| Withdrawn status | Lost status | Damaged status | Home library | Current library | Date acquired | Total Checkouts | Date last seen | Price effective from | Koha item type |
|---|---|---|---|---|---|---|---|---|---|
| College Library | College Library | 12/07/2017 | 12/07/2017 | 12/07/2017 | Periodicals |